000 00484nam a2200181Ia 4500
003 OSt
005 20251117162031.0
008 250729s2005 xx 000 0 und d
040 _cAL
041 _akan
082 _a910 BAGP
100 _aಬಾಗೇವಾಡಿ ಎಮ್ ಎಸ್
_9224454
245 _aಪ್ರಾಕ್ರತಿಕ ಭೂಗೋಳಶಾಸ್ತ್ರ
260 _aಗದಗ
_c2005
300 _a221p
650 _aGeography
_9224455
942 _2ddc
_cBED
999 _c236417
_d236417